EMBRYOLOGY TEXT & ATLAS (Record no. 15567)

MARC details
000 -LEADER
fixed length control field 00344nam a22001577a 4500
003 - CONTROL NUMBER IDENTIFIER
control field SGT
020 ## - INTERNATIONAL STANDARD BOOK NUMBER
International Standard Book Number 978-93-8669-109-5
082 ## - DEWEY DECIMAL CLASSIFICATION NUMBER
Classification number 611
Item number E17K
100 ## - MAIN ENTRY--PERSONAL NAME
Personal name KUMAR, BRIJESH
245 ## - TITLE STATEMENT
Title EMBRYOLOGY TEXT & ATLAS
250 ## - EDITION STATEMENT
Edition statement 1ST
260 ## - PUBLICATION, DISTRIBUTION, ETC. (IMPRINT)
Place of publication, distribution, etc INDIA
Name of publisher, distributor, etc WOTLERS KLUWER
Year of Publication 2017
300 ## - PAGE DESCRIPTION
No. of Pages 278
650 ## - SUBJECT ADDED ENTRY--TOPICAL TERM
Topical term or geographic name as entry element ANATOMY
942 ## - ADDED ENTRY ELEMENTS (KOHA)
Source of classification or shelving scheme Dewey Decimal Classification
Koha item type Books
942 ## - ADDED ENTRY ELEMENTS (KOHA)
-- 59
Holdings
Withdrawn status Lost status Source of classification or shelving scheme Damaged status Not for loan Collection code Home library Current library Shelving location Date acquired Vendor Name Cost, normal purchase price SGTU Bill Number Total Checkouts Full call number Accession No. (Barcode) Date last seen Bill Date Koha item type Date last borrowed
    Dewey Decimal Classification     MEDICAL SGT Medical Library SGT Medical Library Reference Book 14/06/2018 ABC 550.00 SGTU 9732   611 E17K FM10688 14/06/2018 15/05/5015 Books  
    Dewey Decimal Classification     MEDICAL SGT Medical Library SGT Medical Library Reference Book 14/06/2018 ABC 550.00 SGTU 9732 30 611 E17K FM10689 03/04/2026 15/05/5015 Books 30/03/2026
    Dewey Decimal Classification     MEDICAL SGT Medical Library SGT Medical Library Reference Book 14/06/2018 ABC 550.00 SGTU 9732 14 611 E17K FM10690 04/07/2025 15/05/5015 Books 01/07/2025
    Dewey Decimal Classification     MEDICAL SGT Medical Library SGT Medical Library Reference Book 14/06/2018 ABC 550.00 SGTU 9732 27 611 E17K FM10691 06/04/2026 15/05/5015 Books 01/04/2026